| 000 | 00368nam a2200133Ia 4500 | ||
|---|---|---|---|
| 008 | 200615s9999||||xx |||||||||||||| ||und|| | ||
| 020 | _a9788126508334 | ||
| 082 |
_a621.3 _bSAT-T |
||
| 100 | _aTIMOTHY PRATT, CHARLES W. BOSTIAN, JEREMY E. ALLNUTT, | ||
| 245 | 0 | _aSATELLITE COMMUNICATIONS | |
| 250 | _aPAPERBACK; 2002 | ||
| 260 |
_anew delhi _bWILEY _c2017 |
||
| 942 | _cBK | ||
| 999 |
_c29057 _d29057 |
||